000 01448aab a2200205 i 4500
001 768714001
003 CO-MdFUSB
005 20240424144839.0
008 220822t2004 cr ||||| |||| 00| 0 spa d
040 _bspa
_cCO-MdFUSB
_dCO-MdFUSB
041 _aspa
100 1 _aOliver, Carrie
_eautor
245 1 0 _aEn sus marcas, listos... crezcan! :
_bApuntes Mujer Líder
_c/ Carrie Oliver , Gary Oliver
300 _aVolumen 21, número 4 (julio - septiembre, 2004), página: 8 - 10
_c; 27 cm
520 _aMatrimonio enfocados en el crecimiento: Identifican sus problemas pero no conviven con ellos, Asumen con seriedad el desafío del apóstol Pablo de "Orar sin cesar". Cada miembro de la pareja se hace responsable de lo que Dios quiere hacer en su vida. Pasan más tiempo enfocados en las fortalezas que en las debilidades. Realmente están convencidos de que "todas las cosas ayudan a bien , a los que aman a Dios". Entienden que "hierro afila hierro". Escogen asumir lo mejor del otro. Cambiar de un matrimonio enfocado en los problemas a uno enfocado en el crecimiento toma tiempo. Se necesita determinación y una gran cantidad de energía.
650 7 _9300
_aMatrimonio
773 0 _tApuntes Pastorales
_049442
_960142
_gVolumen 21, número 4 (julio - septiembre, 2004), página: 8 - 10
_qpágina: 8
773 0 _tApuntes Pastorales
_049442
_960188
_gVolumen 21, número 4 (julio - septiembre, 2004), página: 8 - 10
_qpágina: 8
942 _cANA
999 _c60577
_d60577